China'sbeidou navigation satellite system(a pillar of the great power) (Record no. 589558)
[ view plain ]
| 000 -LEADER | |
|---|---|
| fixed length control field | 00246nam a22000977a 4500 |
| 040 ## - CATALOGING SOURCE | |
| Transcribing agency | SCME |
| 100 ## - MAIN ENTRY--PERSONAL NAME | |
| Personal name | Shuyou,yuan |
| 9 (RLIN) | 91444 |
| 245 ## - TITLE STATEMENT | |
| Title | China'sbeidou navigation satellite system(a pillar of the great power) |
| 300 ## - PHYSICAL DESCRIPTION | |
| Extent | 221p. |
| 942 ## - ADDED ENTRY ELEMENTS (KOHA) | |
| Source of classification or shelving scheme | |
| Koha item type | Book |
| Withdrawn status | Lost status | Source of classification or shelving scheme | Damaged status | Not for loan | Permanent Location | Current Location | Shelving location | Date acquired | Total Checkouts | Full call number | Barcode | Date last seen | Price effective from | Koha item type |
|---|---|---|---|---|---|---|---|---|---|---|---|---|---|---|
| School of Chemical & Materials Engineering (SCME) | School of Chemical & Materials Engineering (SCME) | Book Cart | 05/10/2022 | 623.893S5621C | SCME-D245 | 05/10/2022 | 05/10/2022 | Book |
